[Event "Ubeda"]
[Site "Ubeda"]
[Date "1997.02.20"]
[Round "11"]
[White "Khalifman, Alexander"]
[Black "Lautier, Joel"]
[Result "1/2-1/2"]
[WhiteElo "2650"]
[BlackElo "2630"]
[Annotator "Huzman,A"]
[PlyCount "39"]
[EventDate "1997.02.07"]
[EventType "tourn"]
[EventRounds "11"]
[EventCountry "ESP"]
[EventCategory "16"]
[SourceTitle "CBM 058"]
[Source "ChessBase"]
[SourceDate "1997.06.01"]
[SourceVersion "1"]
[SourceVersionDate "1997.06.01"]
[SourceQuality "1"]

1. d4 d5 2. Nf3 e6 3. c4 dxc4 4. Qa4+ Nd7 5. Nc3 a6 6. e4 Rb8 $1 $146 {It's an
important improvement,that gives opportunity to the black by 7...b5 and 9...c5
equalize the chances fully.} (6... c5 7. Bxc4 cxd4 8. Nxd4 Qb6 (8... Bd6 9. Be3
Ngf6 10. Rd1 Bb8 11. Bxe6 O-O (11... fxe6 $5 {Huzman} 12. Nxe6 Qe7 $13) 12.
Bxd7 Bxd7 13. Qb3 Qc7 14. g3 Bh3 15. f3 Ba7 16. Kf2 $16 {1-0 Levitt,J-Howell,J/
Dublin zt 1993 (36)}) 9. Nb3 Ngf6 10. Be3 Qc7 11. Be2 Qb8 12. O-O Bd6 13. h3 b5
14. Qd4 O-O 15. Rfd1 Bh2+ 16. Kh1 Be5 17. Qb4 Bb7 18. Na5 $14 {1/2-1/2 Levitt,
J-Howell,J/Hafnarfirdi 1992 (22)}) 7. Qxc4 b5 8. Qd3 (8. Qb3 Bb7 {[%csl Re4]
xe4} 9. d5 $140 Nc5 10. Qc2 exd5) 8... Bb7 9. a3 (9. Bg5 $5 Be7 (9... Ngf6 $5)
10. Qe3) 9... c5 10. Bg5 Be7 11. Bxe7 Nxe7 12. Be2 Qb6 13. O-O cxd4 (13... O-O
$5 {[%cal Gf8d8]}) 14. Qxd4 Qxd4 15. Nxd4 Nc5 16. f3 e5 $11 17. Nc2 O-O 18.
Rad1 Rfd8 19. Rxd8+ Rxd8 20. Rd1 1/2-1/2

[Event "St Petersburg-ch"]
[Site "St Petersburg"]
[Date "1997.03.08"]
[Round "4"]
[White "Sakaev, Konstantin"]
[Black "Khalifman, Alexander"]
[Result "1/2-1/2"]
[WhiteElo "2580"]
[BlackElo "2650"]
[Annotator "Huzman,A"]
[PlyCount "144"]
[EventDate "1997.03.04"]
[EventType "swiss"]
[EventRounds "9"]
[EventCountry "RUS"]
[SourceTitle "CBM 058"]
[Source "ChessBase"]
[SourceDate "1997.06.01"]
[SourceVersion "1"]
[SourceVersionDate "1997.06.01"]
[SourceQuality "1"]

1. d4 d5 2. Nf3 e6 3. c4 dxc4 4. Qa4+ Nd7 5. e4 $5 {5.Nc3 a6-Khalifman-Lautier,
Ubeda97} c5 (5... Ngf6 6. Bg5 $5 $14) 6. Bxc4 cxd4 7. O-O (7. Nxd4 Bc5 {
Huzman,A} (7... Qb6 8. Nb5 $5 {Huzman,A} (8. Be3 Bc5 $11) (8. Nb3 {Knaak} Bd6
9. Be3 Qc7 10. Nc3 a6 11. Rc1 Qb8 12. Be2 Ngf6 13. g3 O-O 14. O-O b5 15. Qd4
Bb7 16. Rfd1 Be5 17. Qb4 Rd8 18. f3 Bxg3 19. hxg3 Qxg3+ 20. Kf1 Ne5 21. Rxd8+ (
21. Bf2 {Knaak} Qh3+ 22. Kg1 Nxf3+ 23. Bxf3 Qxf3 $17) 21... Rxd8 22. Qa5 Rd7
23. Rd1 Qh3+ 24. Kf2 Qh2+ 25. Kf1 Qh3+ 26. Kf2 Qh2+ 27. Kf1 {1/2-1/2 Piket,
J-Lautier,J/Monaco m 1996}) 8... Bc5 9. O-O Ngf6 10. N1c3 O-O 11. b4 $140 Bd4)
8. Nb3 (8. Bb3 Bb6 9. Ne2 Ngf6 10. e5 Nd5 11. Nd2 O-O 12. Nf3 Qc7 {1/2-1/2
Foisor,O-Karolyi,T/Tbilisi 1986}) 8... Bd6 $11) 7... Qb6 (7... Bc5 8. Nbd2 (8.
b4 $5 Bb6 9. Bb2 Ngf6 10. Nbd2 $44) 8... Ne7 (8... Ngf6 9. e5 $36) 9. b4 Bb6
10. Bb2 $14) 8. Na3 $5 (8. Rd1 $5 Bc5 9. a3 Ne7 10. b4 Bd6 11. Nxd4 (11. e5 Bc7
{[%csl Re5][%cal Ge7c6] /\12...Nc6 (xe5)}) 11... Qc7 12. Nb5 Bxh2+ 13. Kh1 $44)
8... Ne7 (8... Bxa3 9. Qxa3 Ne7 10. Bd2 $44) (8... Bc5 9. Nb5 Ngf6 10. b4 Be7
11. Bb2 $16) 9. Nb5 Ng6 (9... Nc6 10. Bf4 $16) 10. Nfxd4 Bc5 11. Nf3 (11. Be3
$1 e5 (11... a6 12. b4 $16) (11... Nge5 12. b4 $1 $18) 12. Nf5 O-O 13. Rad1 $16
) 11... O-O 12. b4 Be7 13. Qb3 (13. Be3 Qc6 14. Rac1 Nb6 $11) 13... a6 14. Be3
Qd8 (14... axb5 $2 15. Bxb6 bxc4 16. Qe3 $18) (14... Qc6 15. Nc3 Nde5 16. Nxe5
Nxe5 17. Be2 $14) 15. Nbd4 (15. Nc3 $5 b5 (15... Nde5 16. Nxe5 Nxe5 17. Be2 Nc6
(17... Bd7 $14) 18. Rfd1 Qc7 $14) 16. Be2 Bb7 17. Rfd1 Qe8 $14) 15... Nde5 16.
Nxe5 Nxe5 17. Be2 (17. Rfd1 $5 Bd6 (17... Nxc4 18. Nc6 Qc7 19. Nxe7+ Qxe7 20.
Qxc4 b5 $14 {/+/-}) 18. Be2 Qe7 (18... Qh4 19. f4 Ng4 20. Bxg4 Qxg4 21. h3 Qg6
22. Nf3 $36) 19. a3 Bd7 $14) 17... Bd7 18. Rfd1 Qe8 (18... Rc8 19. f4 Nc6 (
19... Ng6 20. e5 $16) 20. Nxc6 Rxc6 21. b5 axb5 22. Bxb5 Rd6 23. e5 $16) 19. b5
(19. a4 $5 Nc6 20. Nc2 $14) 19... axb5 20. Nxb5 Qb8 21. a4 (21. f4 Bxb5 22.
Qxb5 (22. Bxb5 $2 Ng4) 22... Ra3 $2 (22... Ng6 23. Rd7 Ra3 24. Rxb7 Qc8 $1 (
24... Qa8 25. Kf2 (25. Bc1 Ra7 $1 $132)) 25. Rc1 Qa8 $132) 23. Bc5 $18) 21...
Bc6 22. f3 Ng6 (22... Rd8 $14) 23. Nd4 Bd6 $132 24. g3 Rc8 (24... Bxg3 25. hxg3
Qxg3+ 26. Kf1 Nh4 27. Bf2 Qh3+ 28. Ke1 $16) 25. Kg2 Be5 26. Ra2 h5 $6 (26...
Bxd4 $14) (26... Be8 $5 $14) 27. Rb1 (27. Nxe6 $5 fxe6 28. Qxe6+ Kh7 29. Qf5
Be8 30. f4 Bc3 31. e5 $40) 27... Bxd4 28. Bxd4 Qd6 29. Qb4 (29. Rd1 $5 $14)
29... Qxb4 30. Rxb4 $14 h4 31. a5 hxg3 32. hxg3 Nf8 33. Kf2 Nd7 34. Bc4 Nb8 35.
Be2 Na6 36. Rbb2 Rd8 37. Bb6 Rd7 38. Rd2 (38. Ra1 $5 {[%cal Ga1h1,Gh1h8]})
38... Nb4 39. Rxd7 Nxa2 40. Rd6 Nb4 41. Bc5 (41. Ke3 Rc8 42. g4 {[%cal Gg4g5] /
\43.g5|^}) 41... Na6 42. Bxa6 $5 Rxa6 43. Rd8+ Kh7 44. Bb6 {[%csl Ra6]} e5 45.
Ke3 g5 46. Kd3 Bb5+ 47. Kd2 f6 48. Rb8 Bc6 49. Kd3 Bb5+ 50. Kd2 Bc6 51. g4 Kg6
52. Kd3 Bb5+ 53. Ke3 Bc6 54. Kd2 Kh6 55. Rc8 {The white try find suitable
moment for realization of positional advantage with the help of manoeuvring,
but the black defend accurately.} (55. Kc3 Bb5 56. Rxb7 Be2 57. Bc5 (57. Bd8 $1
Ra8 $1 58. Bxf6 (58. Be7 Rxa5 59. Rb6 Ra6 $11) 58... Rxa5 59. Rb6 Kh7 $11 (
59... Ra6 $5 $11)) 57... Kg6 (57... Ra8 58. Rb6 Kg7 59. Be7 Rxa5 $11) 58. Bf8
Ra8 $11) 55... Kg6 56. Kd3 Bb5+ 57. Ke3 Bc6 58. Kd2 Bb5 59. Rc7 Bc6 60. Kd3
Bb5+ 61. Ke3 Bc6 62. Rc8 Ba4 63. Rg8+ Kh6 64. Kd2 Bb5 65. Rb8 Bc6 66. Bd8 Kg6
67. Kc3 Ba4 68. Rxb7 Ra8 69. Be7 Bd1 70. Rb6 Kf7 $1 71. Bxf6 Rxa5 $11 72. Bxg5
Ra3+ 1/2-1/2

[Event "RUS-Cup7"]
[Site "Kstovo"]
[Date "1997.05.05"]
[Round "5"]
[White "Sakaev, Konstantin"]
[Black "Vaulin, Alexander"]
[Result "1-0"]
[WhiteElo "2580"]
[BlackElo "2490"]
[Annotator "Huzman,A"]
[PlyCount "111"]
[EventDate "1997.05.01"]
[EventType "swiss"]
[EventRounds "9"]
[EventCountry "RUS"]
[SourceTitle "CBM 059"]
[Source "ChessBase"]
[SourceDate "1997.08.01"]
[SourceVersion "1"]
[SourceVersionDate "1997.08.01"]
[SourceQuality "1"]

1. d4 {Hecht} d5 2. Nf3 c5 3. c4 dxc4 4. d5 e6 5. Nc3 exd5 6. Qxd5 Qxd5 7. Nxd5
Na6 8. e4 Ne7 9. Bf4 Nxd5 10. exd5 b5 11. O-O-O $1 (11. a4 Nb4 12. O-O-O Bb7
13. Re1+ Kd8) 11... f6 (11... Bb7 12. Re1+ Kd8 13. Ne5 $16) 12. a4 Nb4 13. axb5
Nd3+ 14. Bxd3 cxd3 15. Rxd3 Bd7 16. Re1+ Kf7 17. Rde3 $1 {[%csl Rf8]} Bxb5 (
17... Rc8 18. Ra3 $16) 18. Bc7 Re8 19. Rxe8 Bxe8 20. Nd2 $16 h5 21. h4 Bd7 22.
Ne4 {[%cal Yd5d6]} g6 23. f4 (23. Nxf6 $1 Bh6+ 24. f4 $16) 23... Bf5 24. g3 c4
25. d6 Ke6 26. Nxf6+ $1 $16 Kxf6 27. d7 Bxd7 28. Be5+ Kf5 29. Bxh8 Kg4 $1 30.
Re4 $6 (30. Re3 $1 Bc5 31. Re5 Bf2 32. Rg5+ Kf3 33. Rxg6 $16) 30... Kxg3 31.
Rxc4 Bh6 32. Be5 Kxh4 33. Rc7 Bf5 34. Rxa7 Kg4 $132 35. Kd1 h4 36. Rh7 Bf8 37.
Ke2 h3 38. Bd4 Kxf4 (38... Kg3 $1 $11 39. Kf1 Bd6) 39. Kf2 Ke4 40. Bb6 Bd6 41.
Bc7 g5 $2 (41... Bc5+ 42. Kg3 $14) 42. Rg7 Bxc7 (42... Bc5+ 43. Kg3 Be3 44. b4
$16) 43. Rxc7 {Hecht: Subtile Turmmanöver zeigen auf, daß der Turm im
Vergleich zum Läufer die wesentlich stärkere Figur im Voarnbringen und
Aufhalten von Freibauern ist. Der wK stellt sich bereit, um die schwarzen
Bauern nach Vorbereitung aufzufressen. Das 1-0 erscheint daher verständlich.
Und doch....!} Kf4 44. Rc4+ Be4 45. Kg1 $1 $18 g4 46. Kh2 Ke5 (46... Kf3 47.
Rc3+ Kf2 48. b4 Bf3 49. Rc2+ Be2 50. b5 $18) 47. b4 Kd5 48. Rc8 Bd3 49. Kg3 Be2
50. Rc5+ Kd6 51. Rc2 {überlasteter Läufer} Bf3 52. b5 Kd7 53. b6 Kd8 54. Rc7
$22 Bg2 55. Rh7 Kc8 56. Kxg4 (56. Kxg4 {Hecht} Kb8 57. Kf4 Bf1 58. Ke5 Bg2 59.
Kd6 Kc8 60. Kc5 Kb8 61. b7 Ka7 (61... Bxb7 62. Kb6 Bc8 63. Rh8 $18) 62. Kb5 {
ohne den sBh3 lautet das einfache Gewinnverfahren: Tc7 samt b8D+ gefolgt von
Kb6. Es scheint so zu sein, daß der sBh3 den weißen Gewinn vereitelt. Bitte
prüfen. Eine Medaille für die vorzeitige Aufgabe!} Be4 (62... Bf1+ 63. Kc6 Bg2+
64. Kc7 Bxb7 65. Rxh3 Ba6 66. Ra3 $18) (62... Bxb7 63. Rxh3 Bg2 $11) 63. Rxh3
Kxb7 $11) 1-0

[Event "RUS-Cup03 Geller Memorial"]
[Site "Moscow"]
[Date "1999.02.14"]
[Round "5"]
[White "Korotylev, Alexey"]
[Black "Reprintsev, Alexander"]
[Result "1-0"]
[WhiteElo "2440"]
[BlackElo "2470"]
[Annotator "Huzman,A"]
[PlyCount "95"]
[EventDate "1999.02.10"]
[EventType "swiss"]
[EventRounds "9"]
[EventCountry "RUS"]
[SourceTitle "CBM 070"]
[Source "ChessBase"]
[SourceDate "1999.06.08"]
[SourceVersion "1"]
[SourceVersionDate "1999.06.08"]
[SourceQuality "1"]

1. d4 {Hecht} d5 2. c4 dxc4 3. Nf3 Nd7 4. e4 b5 5. a4 Bb7 6. axb5 Bxe4 7. Bxc4
(7. Nc3 Bb7 8. Bxc4 Ngf6 9. Bxf7+ Kxf7 10. Ng5+ Ke8 11. Qb3 e6 12. O-O Bd6 13.
Nxe6 Bxh2+ 14. Kxh2 Ng4+ 15. Kg3 Qf6 16. Bg5 {1-0 Hasek,J-Tereba,R/Prague 1930/
EXT 99 (16)}) 7... e6 8. Nc3 Bb7 9. O-O Bd6 $6 (9... Ngf6 10. Re1 Be7 11. Ne5
Nb6 12. Bd3 O-O 13. Bg5 $14 {[%csl Ra7,Rc7]}) 10. Re1 (10. d5 $5 e5 (10... Nb6
11. dxe6 Nxc4 12. exf7+ Kxf7 13. Qb3) 11. Re1 Ne7 12. Be3 Qb8 13. Qc2 O-O 14.
Ng5 Nf6 15. Nce4 $36) 10... Ngf6 11. Ne5 Nb6 12. Bd3 Nbd5 (12... Nfd5 13. Qg4
$36) 13. Qf3 $1 O-O 14. Qh3 Ne7 15. Bg5 Ng6 {[%tqu "En","Find the move with
the help of which the white combine the attack on the king's and the queen's
sides.","","","a1a4","",10]} 16. Ra4 $1 $16 {[%cal Ge1a1,Ga1a7,Ga4h4,Gh3h8]
[%mdl 32]} Be7 17. Bxg6 (17. Rea1 $5 Re8 18. Ne2 $16 {[%csl Ra7]}) 17... hxg6 {
[%tqu "En","Which move gives the white decisive attack?","","","d4d5","",10]}
18. d5 $3 {[%mdl 96]} Nh5 (18... exd5 19. Rh4 Nh5 20. Nxg6 $18) 19. Bxe7 Qxe7
20. dxe6 Qxe6 21. Qxe6 fxe6 22. Nxg6 $18 Rf6 23. Ne5 Nf4 24. f3 Nd5 25. Rc4 (
25. Rea1 $5 Rf5 26. Rxa7 Rxe5 27. Rxa8+ Bxa8 28. Rxa8+ Kf7 29. Ra7 $18) 25...
a6 26. bxa6 Bxa6 27. Rc5 $1 (27. Nxd5 exd5 28. Rxc7 Rb6 $132 {/-+}) 27... Bb7
28. Nxd5 exd5 29. Rxc7 Rb6 30. Nd3 {[%cal Ge1e7,Gc7g7]} Ba6 31. Nf4 $1 Kh8 32.
Ree7 Rg8 33. Nxd5 Rxb2 34. h4 Bd3 35. Re5 Rb5 (35... Ra8 36. Rh5+ Kg8 (36...
Bh7 37. Nf6 $1 $18) 37. Rg5 $18) 36. Rh5+ Bh7 37. Rxh7+ $1 Kxh7 38. Nf6+ Kh8
39. Nxg8 Kxg8 {Hecht: '[#] 3-1 am Königsflügel. Einfache Technik, d.h.
sytematisches Vorrücken von König und Bauern. Tausch eines Bauern, so daß
nicht das Endspiel T+f+h - T herauskommt. '} 40. Kh2 Kh7 41. g4 Rb6 42. Kg3 Kh6
43. h5 Rb1 44. Rc6+ Kh7 45. f4 Rb5 46. Kh4 Ra5 47. f5 Ra8 48. h6 (48. h6 $1
gxh6 49. Kh5 $18) 1-0

[Event "FRA-ch Prelim Gr-A"]
[Site "Besancon"]
[Date "1999.08.21"]
[Round "6"]
[White "Relange, Eloi"]
[Black "Lautier, Joel"]
[Result "1/2-1/2"]
[WhiteElo "2452"]
[BlackElo "2638"]
[Annotator "Huzman,A"]
[PlyCount "94"]
[EventDate "1999.08.16"]
[EventType "tourn"]
[EventRounds "7"]
[EventCountry "FRA"]
[EventCategory "11"]
[SourceTitle "CBM 073"]
[Source "ChessBase"]
[SourceDate "1999.12.01"]
[SourceVersion "1"]
[SourceVersionDate "1999.12.01"]
[SourceQuality "1"]

1. d4 d5 2. c4 e6 3. Nf3 dxc4 4. e4 b5 5. a4 c6 6. Be2 Nf6 (6... Bb7 7. O-O Be7
8. e5 a6 9. Nc3 Nd7 10. Qc2 h5 11. Ne4 Nh6 12. Rd1 Nf5 13. h3 h4 14. Bg5 O-O
15. b3 cxb3 16. Qxb3 c5 17. Bxe7 Qxe7 18. Nxc5 Nxc5 19. dxc5 Qxc5 $15 {1/2-1/2
Piket,J-Mueller,K/Hamburg 1991/CBM 24 (30)}) 7. Bg5 Qb6 (7... h6 $6 8. Bxf6
Qxf6 9. O-O Bb7 10. b3 $36) (7... Be7 8. Nbd2 (8. axb5 cxb5 9. Nc3 b4 10. Bxf6
gxf6 11. Nb1 Rg8 12. O-O Bb7 13. Qc2 b3) (8. Bxf6 Bxf6 9. axb5 cxb5 10. Nc3 (
10. b3 Bb7 11. e5 Be7 12. bxc4 bxc4) 10... Bd7) 8... O-O 9. Qc2 Na6) 8. Nbd2
Nbd7 9. O-O h6 10. Bh4 Bb7 $6 {This inaccurate move lets White to get
compensation for a sacrifised pawn.} ({It was possible to prevent White`s
initiative by} 10... Bb4 $5 11. Qc2 O-O $17 (11... g5 $5 12. Bg3 g4 13. Ne5
Qxd4 14. Nxd7 Bxd7 15. Rfd1 $44)) 11. a5 $1 Qc7 (11... Qa6 12. Qc2 c5) 12. Bg3
(12. a6 $5 Bc8 13. Qc2 $44) 12... Qc8 13. Qc2 a6 (13... c5 14. a6 $1 (14. b3
cxb3 15. Qxb3 a6 $17) 14... Bxa6 15. d5 $1 $40 exd5 (15... Nh5 16. dxe6 fxe6
17. Nh4 (17. e5 Nxg3 18. Qg6+ Kd8 19. fxg3 Qc6 $13) 17... Nxg3 18. fxg3 Bb7 19.
Bh5+ Kd8 20. Ng6 Rg8 21. Rad1 $44) 16. exd5 Nb6 17. Nxc4 $1 (17. d6 $5) 17...
bxc4 18. Rfe1 $40) 14. b3 cxb3 15. Nxb3 c5 (15... Be7 16. Rac1 O-O (16... c5
17. dxc5 Bxe4 18. Qc3 Nb8 (18... O-O 19. c6 Nd5 20. Qd4 N7f6) 19. Rfd1 O-O 20.
Ne5 Nc6 21. Nxc6 Qxc6 (21... Bxc6 22. Bd6 $44) 22. Nd4 $44) 17. Nc5 (17. Bd3 $5
) 17... Nxc5 18. dxc5 Nd7 19. Bd6 Bxd6 20. cxd6 c5 $17) 16. dxc5 Nxc5 (16...
Nxe4 17. Rac1 Ndxc5 {-see game.}) (16... Bxe4 17. Qb2 Nxc5 18. Rac1 $44) 17.
Rac1 Nfxe4 18. Qb2 $1 Qd8 19. Nxc5 (19. Rfd1 Bd5 20. Nxc5 Nxc5 $17) 19... Nxc5
20. Ne5 $1 {[%cal Ge2h5,Gh5f7,Ge5f7]} Be7 21. Rxc5 $1 (21. Bxb5+ axb5 22. Rxc5
O-O $1 $17) 21... Bxc5 22. Bxb5+ axb5 (22... Kf8 23. Nd7+ Kg8 24. Ba4 $1 $36 (
24. Nxc5 Qd5 $1 25. Nxb7 Qxb7 $19)) 23. Qxb5+ Kf8 24. Qxb7 Ra7 25. Qf3 (25.
Nxf7 $2 Qe8 $1 $19) (25. Qc6 $1 Be7 (25... Bb4 26. Qb5 $1 $16 {[%cal Ge5c6]})
26. Qf3 $11 Qe8 27. Ng6+ Kg8 28. Nxh8 Rxa5 (28... Kxh8 29. Be5 $36) 29. Nxf7
Qxf7 $11) 25... Qd5 (25... Qxa5 26. Nc6 Qa3 27. Nxa7 Qxa7 28. Be5 $44) (25...
Kg8 $2 26. Nc6 Qa8 27. Nxa7 Qxf3 28. gxf3 Bxa7 29. Rd1 $16) 26. Ng6+ Kg8 27.
Qxd5 exd5 28. Nxh8 $11 Rxa5 (28... Kxh8 29. Ra1) 29. Nxf7 Kxf7 30. Re1 d4 31.
Kf1 d3 32. f3 Ra3 33. Bf2 Bb4 34. Rb1 Bc3 35. Be1 Be5 (35... d2 36. Bg3 $11 {
[%cal Gf1e2]}) 36. Bg3 Bxg3 37. hxg3 Ke6 38. Rb6+ (38. Kf2 Ra2+ (38... Kd5 39.
Ke3 Kc4 40. Rb7) 39. Ke3 Rxg2 40. g4 (40. Kxd3 Rxg3 41. Ke3 $17) 40... d2 41.
Rd1 $11) 38... Ke5 39. Ke1 Ra2 40. Rg6 $1 $11 Rxg2 41. Rxg7 Kd4 42. Rg6 h5 43.
Rg5 Rh2 44. f4 Ke3 45. Re5+ Kf3 46. Rg5 Ke3 47. Re5+ Kf3 1/2-1/2

[Event "Linares Anibal op 07th"]
[Site "Linares"]
[Date "2000.01.10"]
[Round "4"]
[White "Rashkovsky, Nukhim N"]
[Black "Estrada Nieto, Julian"]
[Result "1-0"]
[WhiteElo "2513"]
[BlackElo "2360"]
[Annotator "Huzman,A"]
[PlyCount "55"]
[EventDate "2000.01.07"]
[EventType "swiss"]
[EventRounds "10"]
[EventCountry "ESP"]
[SourceTitle "CBM 075"]
[Source "ChessBase"]
[SourceDate "2000.04.05"]
[SourceVersion "1"]
[SourceVersionDate "2000.04.05"]
[SourceQuality "1"]

1. d4 d5 2. Nf3 c5 3. c4 dxc4 4. d5 e6 5. Nc3 exd5 6. Qxd5 Qxd5 7. Nxd5 Bd6 8.
e4 Ne7 9. Bxc4 Nxd5 10. Bxd5 Na6 11. O-O Nc7 12. Bb3 Be6 13. Be3 (13. Rd1 O-O-O
14. Be3 f6 15. Nd2 b6 16. Bxe6+ Nxe6 17. Nc4 Bc7 18. a4 Rxd1+ 19. Rxd1 Rd8 $11
{0-1 Wagner,C-Gyimesi,Z/Paris 1995/EXT 97 (48)}) 13... O-O (13... Bxb3 14. axb3
Ne6 15. Rfd1 Ke7 16. b4 $14) (13... O-O-O $6 14. Ng5) 14. Rfd1 Rfd8 15. Kf1
Bxb3 $6 (15... Be7 $5 $11) 16. axb3 Ne6 (16... a6 17. Rd3 Bf8 18. Rad1 Rxd3 19.
Rxd3 Re8 20. Nd2 $14) 17. g3 f6 18. Rd5 Kf7 19. Nd2 Be7 (19... Nc7 20. Rd3 a6
21. Nc4 Be7 22. Rad1 $36 Rxd3 23. Rxd3 b5 24. Rd7 (24. Nd6+ Ke6 25. Nf5 (25.
Nb7 c4 26. bxc4 bxc4 27. Rd2 $11) 25... Bf8 26. Rc3 $14) 24... bxc4 25. Rxc7
cxb3 26. Bxc5) 20. Nc4 Rxd5 $2 21. exd5 Nd4 22. Nb6 $1 Nxb3 (22... Nc2 23. Ra4
Nxe3+ 24. fxe3 Rb8 25. Rxa7 $16) 23. Ra4 Rb8 24. Rxa7 {[%cal Ge3f4]} g5 25. Nd7
Rd8 26. Rxb7 $16 Na5 $2 (26... Ke8 27. Nb6 $16 {/+-} (27. Rxb3 Rxd7 28. Rd3 g4
$16)) 27. Ra7 $18 Nb3 (27... Nc4 28. Bxc5 Bxc5 29. Nxc5+ $18) 28. Nxc5 1-0

[Event "CHN-RUS Summit Men 1st"]
[Site "Shanghai"]
[Date "2001.09.09"]
[Round "3"]
[White "Xu, Jun"]
[Black "Rublevsky, Sergei"]
[Result "1/2-1/2"]
[WhiteElo "2646"]
[BlackElo "2639"]
[Annotator "Huzman,A"]
[PlyCount "44"]
[EventDate "2001.09.07"]
[EventType "schev"]
[EventRounds "6"]
[EventCountry "CHN"]
[SourceTitle "CBM 085"]
[Source "ChessBase"]
[SourceDate "2001.11.13"]
[SourceVersion "1"]
[SourceVersionDate "2001.11.13"]
[SourceQuality "1"]

1. Nf3 d5 2. d4 e6 3. c4 dxc4 4. Qa4+ Nd7 5. e4 c5 6. Bxc4 cxd4 7. O-O Bc5 8.
Be2 (8. Na3 Ne7 9. Nb5 (9. b4 Bd6 10. Nb5 Bb8 11. Nbxd4 O-O 12. Qb3 Ne5 13. Be2
Nxf3+ 14. Nxf3 Ng6 15. Rd1 Qf6 16. Bb2 Qf4 17. Qc2 Nh4 18. e5 Nxf3+ 19. Bxf3
Bxe5 20. Bxe5 Qxe5 21. Rac1 $44 {1/2-1/2 Ivanov,S-Rublevsky,S/Elista 1997/CBM
59 (49)}) 9... Nb6 10. Qc2 Nxc4 11. Qxc4 Bb6 12. Bf4 O-O 13. Nc7 Rb8 14. Nb5
Ra8 15. Nfxd4 Bd7 16. Nd6 Ng6 17. Be3 Qe7 18. N6b5 Ne5 19. Qb3 Ng4 $17 {
1/2-1/2 Ivanov,S-Rublevsky,S/Elista 1997/CBM 59 (65)}) (8. b4 Bb6 (8... Bd6 9.
e5 Bb8 10. Bf4 Ne7 11. Nbd2 O-O 12. Rfe1 Nb6 13. Qb3 Nxc4 14. Nxc4 b5 15. Nd6
Bxd6 16. exd6 Nf5 17. Rad1 Bb7 18. Nxd4 Bd5 19. Qxd5 $1 exd5 20. Nxf5 $44 {
1-0 Sakaev,K-Rublevsky,S/Russia (ch) 73/437 1998/Inf 73/[Sakaev,K] (34)}) 9.
Na3 (9. Rd1 Ne7 10. Nxd4 Ng6 11. Be3 {1/2-1/2 Popov Valerij-Savon Vladimir A/
It \ St. Petersburg (Russia) 1997 (11)}) 9... a6 10. Bg5 Ne7 11. Rfd1 O-O 12.
Nxd4 Qe8 13. Rac1 Ng6 14. Be2 h6 15. Be3 Qe7 16. Qb3 Nf6 17. Nc6 bxc6 18. Bxb6
Nxe4 19. Qe3 Rb8 20. Bf3 c5 21. Nc4 Ng5 22. Bxc5 $16 {1/2-1/2 Solozhenkin,
E-Ivanov,J/Algarve POR 1999 (46)}) 8... Ngf6 (8... Qb6 9. Nbd2 (9. Rd1 d3 10.
Bxd3 Bxf2+ 11. Kf1 Ne7 12. Na3 $44) 9... Ngf6 10. e5 Nd5 11. Ne4 O-O 12. Rd1
$36) 9. Nxd4 O-O {[%cal Yd7b6,Yd8d4,Yc5d4]} (9... Nxe4 10. Nxe6 fxe6 11. Qxe4
Qb6 12. Bh5+ $1 (12. Nc3 O-O 13. Bf3 Nf6 14. Qe2 Bd7 $14) 12... g6 13. Bf3 O-O
14. Nc3 Nf6 15. Qe2 $16) 10. Nb3 Bd6 11. Nc3 a6 12. Be3 Rb8 (12... Qc7 $5 13.
h3 (13. f4 Nc5 14. Nxc5 Bxc5 15. Bxc5 Qxc5+ 16. Kh1 Bd7 17. Qb3 Bc6 $11) (13.
Rac1 Bxh2+ 14. Kh1 Be5 15. f4 Bxc3 16. Rxc3 Qb8 17. Rfc1 $44) 13... Rb8 (13...
Bh2+ 14. Kh1 Bf4 15. Qd4 $14) 14. Rac1 b5 15. Qd4 Bh2+ 16. Kh1 Be5 17. Qd3 $36)
13. Qd4 Be5 (13... Qc7 $5 14. h3 (14. f4 e5 $11) 14... Be5 15. Qd3 Bxc3 16.
bxc3 b5 $132) 14. Qb4 b5 15. Rac1 Bb7 16. Rfd1 (16. f3 Rc8 $11) 16... Bxc3 17.
bxc3 (17. Rxc3 Nxe4 18. Rcd3 Bd5 19. Rd4 Nef6 $15) 17... Bxe4 (17... Nxe4 18.
Bf3 Nef6 (18... f5 19. Bf4 Rc8 20. c4 $44) 19. Bxb7 Rxb7 20. Nc5 Rb8 (20... Rc7
21. Nxa6 Nd5 22. Rxd5 exd5 23. Nxc7 Qxc7 24. Qxb5 $16) 21. Nxa6 Nd5 22. Rxd5
exd5 23. Nxb8 Qxb8 24. Rd1 $36) 18. Nc5 a5 19. Qb2 Bc6 (19... Bd5 20. Bxb5 Bc4
21. a4 Qc8 22. Nxd7 Nxd7 23. Rb1 $16) 20. Na6 Rb7 (20... Rc8 21. Bc5 Re8 22.
Bxb5 $36) (20... Rb6 21. Bxb6 Qxb6 22. c4 $16) 21. Nc5 Rb8 22. Na6 Rb7 1/2-1/2

[Event "Mondariz zt 1.1"]
[Site "Mondariz"]
[Date "2000.09.12"]
[Round "9"]
[White "San Segundo Carrillo, Pablo"]
[Black "Van den Doel, Erik"]
[Result "0-1"]
[WhiteElo "2500"]
[BlackElo "2547"]
[Annotator "Huzman,A"]
[PlyCount "44"]
[EventDate "2000.09.03"]
[EventType "swiss"]
[EventRounds "11"]
[EventCountry "ESP"]
[SourceTitle "CBM 079"]
[Source "ChessBase"]
[SourceDate "2000.11.21"]
[SourceVersion "1"]
[SourceVersionDate "2000.11.21"]
[SourceQuality "1"]

1. Nf3 d5 2. d4 c5 3. c4 dxc4 4. d5 e6 5. e4 exd5 6. exd5 Nf6 7. Bxc4 Bd6 8.
O-O O-O 9. h3 a6 (9... h6 10. Nc3 a6 11. a4 Nbd7 12. Be3 Re8 13. Qc2 Ne5 14.
Nd2 b6 15. Rfe1 Ra7 16. Ba2 Rae7 17. Red1 Bb7 18. Rac1 Qd7 19. Nf1 b5 20. Ng3
$13 {1-0 Maiwald,J-Maljutin,E/Dortmund 1993/TD (37)}) 10. a4 Bf5 11. Nc3 Nbd7 (
11... h6 $5 12. Bd3 Bxd3 13. Qxd3 Nbd7 $11) 12. Nh4 Bg6 13. Bg5 Re8 14. Nxg6
hxg6 15. Qd2 Qc7 {Black have very solid position.The pawn d5 is blocked,
advantage of two bishops is not seen,White have no plan to improve their
position.} 16. Rfe1 Be5 {[%cal Ye5d4,Yd7e5]} 17. Rad1 Qd6 18. Be3 Re7 19. b3 (
19. f4 Bxc3 20. Qxc3 (20. bxc3 Nb6 21. Bb3 c4 22. a5 Qxd5 (22... cxb3 23. axb6
Rc8 (23... a5 24. c4 a4 25. c5 Qd7 $13) 24. Qd3 Re4 $15) 23. Qf2 Qb5 24. Bc2
Nbd5 $17) 20... Rae8 $36) 19... Rae8 {/\20...Bd4} 20. Rf1 Nh5 $36 21. Bg5 $2 (
21. Ne2 Ndf6 (21... Nhf6 22. Kh1 Ne4 23. Qc2 f5 24. Bc1 $11) 22. Qc2 Ne4 23.
Bd3 $11) 21... f6 22. Be3 $4 {[%mdl 8192]} (22. Bh4 g5 23. Bg3 Nxg3 24. fxg3
Bxg3 $17) 22... Bh2+ (22... Bh2+ 23. Kh1 Rxe3 24. fxe3 Ng3+ 25. Kxh2 Nxf1+ $19)
0-1